00604 2200217 4500001002100000005001500021035002000036007000300056008004100059020002200100082001200122084001800134100002100152245010000173250001000273260003700283300002700320990001300347990001300360990001300373INLIS00000000000832420220308045753 a0010-0322000343ta220308 g 0 ind  a978-623-7572-19-0 a320.014 a320.014 NAN a0 aNanang Trenggono1 aANTAGONISME KOMUNIKASI POLITIK :bKonsekuensinya terhadap integrasi politik /cNanang Trenggono acet.1 aYogyakarta :bSuluh Media,c2021 a160 hlm ;c17 x 24 cm. a022.7870 a022.7871 a022.7872